LEADER 01616nam a2200361 i 4500 001 000000044908 003 CaOOAMICUS 005 20030522000000.0 008 030522s1985 it u000 u ita u 013 $a16078 020 $a88-215-0968-0 040 $aSeMil$bita 100 1 $aMessori, Vittorio,$d<1941- >.$0(OLS)http://semarc/name/16978 245 10$aRapporto sulla fede /$cVittorio Messori a colloquio con il cardinale Joseph Ratzinger. 260 $aCinisello Balsamo (Milano) :$bPaoline,$ccopyr. 1985. 300 $a218 p. ;$c20 cm. 490 0 $aInterviste verità ;$v1 500 $aIn preliminari : Dedica autografa di V. Messori al Card. C.M. Martini. - Fondo Card. C.M. Martini. 650 4$aRatzinger, Joseph - Interviste.$0(OLS)http://semarc/subject/9622 650 4$aRatzinger, Joseph - Fede e società.$0(OLS)http://semarc/subject/9623 700 0 $aBenedictus XVI,$c.$0(OLS)http://semarc/name/298 830 0$aInterviste verità ;$v1.$0(OLS)http://semarc/title/7144 850 $aSeMil 852 $aSeMil$W1$xVenegono$y1$m3E III 288 °$j11063$B11063$CSeMilBibl$Z2$F11063 $81 900 1 $aRatzinger, Joseph,$d<1927-2022>. 900 0 $aBenedetto XVI$c. 941 1 $a4 961 $aOmaggio: Martini Card. Carlo Maria 996 $6020$a88-215-0968-0$9(OLS)http://semarc/number/16908 996 $6245$aRapporto sulla fede$9(OLS)http://semarc/title/66621 996 $6260$aCinisello Balsamo (Milano) :$bPaoline$9(OLS)http://semarc/publisher/31197 LEADER 01164nam a2200253 i 4500 001 000000204081 003 CaOOAMICUS 005 20181022161302.0 008 110718s1966 it u000 u ita u 013 $a182798 040 $aSeMil$bita 245 12$aL'anticlericalismo nel Risorgimento (1830-1870) /$cAntologia a cura di Gabriele Pepe e Mario Themelly. 260 $aManduria :$bLacaita,$ccopyr. 1966. 300 $aCLI, 284 p., [4] p. di tav. :$bill. ;$c22 cm. 490 0 $aBiblioteca di protesta laica. Nuova serie [Lacaita] ;$v3 650 4$aAnticlericalismo - Italia - 1830-1870.$0(OLS)http://semarc/subject/38443 700 1 $aThemelly, Mario.$0(OLS)http://semarc/name/73634 700 1 $aPepe, Gabriele <1899-1971>.$0(OLS)http://semarc/name/18160 830 0$aBiblioteca di protesta laica. Nuova serie ;$v3.$0(OLS)http://semarc/title/401873 850 $aSeMil 852 $aSeMil$W1$xVenegono$y1$m3U II 330$j154575$B154575$CSeMilBibl$Z2$F165403 $81 996 $6245$aL'anticlericalismo nel Risorgimento (1830-1870)$9(OLS)http://semarc/title/295710 996 $6260$aManduria :$bLacaita$9(OLS)http://semarc/publisher/31761